000 00480nam a2200181Ia 4500
005 20250326142507.0
008 250326s9999 xx 000 0 und d
037 _aTextbook
040 _aFMSL
_beng
_cFMSL
041 _aeng
_2eng
084 _qFMSL
100 _aKelly G
_9746148
245 0 _aTeam leadership : five interactive management adventures
_cKelly G
260 _aEngland
_bEngland, Gower
_c1998
300 _a310p
942 _cTB
999 _c1295292
_d1295292